Most Populated City in Each County in Idaho - Statistics

General Stats
  • This quiz has been taken 22 times
  • The average score is 23 of 44
Answer Stats
County City Pop. City % Correct
Ada 237,446 Boise
100%
Kootenai 55,904 Coeur d'Alene
100%
Canyon 106,186 Nampa
100%
Bannock 57,092 Pocatello
100%
Twin Falls 53,213 Twin Falls
100%
Bonneville 66,898 Idaho Falls
93%
Madison 35,300 Rexburg
93%
Nez Perce 34,447 Lewiston
87%
Latah 25,850 Moscow
80%
Jerome 12,555 Jerome
73%
Elmore 16,235 Mountain Home
67%
Payette 8,415 Payette
67%
Power 4,610 American Falls
60%
Boundary 2,561 Bonners Ferry
60%
Gooding 3,713 Gooding
60%
Lincoln 1,678 Shoshone
60%
Idaho 3,431 Grangeville
53%
Valley 3,844 McCall
53%
Bonner 9,003 Sandpoint
53%
Butte 908 Arco
47%
Bingham 12,332 Blackfoot
47%
Franklin 5,771 Preston
47%
Fremont 3,752 Saint Anthony
47%
Cassia 11,863 Burley
40%
Shoshone 2,374 Kellogg
40%
Clearwater 3,275 Orofino
40%
Benewah 2,423 Saint Maries
40%
Lemhi 3,190 Salmon
40%
Custer 922 Challis
33%
Clark 514 Dubois
33%
Gem 7,819 Emmett
33%
Blaine 9,463 Hailey
33%
Owyhee 2,996 Homedale
33%
Boise 818 Horseshoe Bend
33%
Oneida 2,303 Malad City
33%
Bear Lake 2,669 Montpelier
33%
Jefferson 5,241 Rigby
33%
Minidoka 6,099 Rupert
33%
Cairbou 3,118 Soda Springs
33%
Washington 5,810 Weiser
33%
Adams 908 Council
27%
Camas 463 Fairfield
27%
Teton 2,236 Victor
27%
Lewis 1,204 Kamiah
20%
No matching quizzes found
Score Distribution
Percent of People with Each Score
Percentile by Number Answered
Your Score History
You have not taken this quiz